000 00473nam a2200169Ia 4500
003 GCL
008 140319s9999 xx 000 0 eng d
040 _aGCL /
_cGCL
082 0 4 _a327.209
_bR D
100 1 _aRICHAR DSON, DICK
245 1 0 _aDECISION AND DIPLOMACY: ESSAYS IN TWENTIETH - CENTURY INTERNATIONAL HISTORY /
_cRICHAR DSON, DICK
260 _a[S.N] :
_bROUTLEDGE ،
_c1995
300 _a325P.
650 0 4 _aECONOMICS
650 0 4 _aDIPLOMACY
942 _2ddc
_cBK
999 _c11057
_d11057